Patterns of conflict, paths to peace / (Record no. 16099)
[ view plain ]
| 000 -LEADER | |
|---|---|
| fixed length control field | 01661nam a2200241 a 4500 |
| 001 - CONTROL NUMBER | |
| control field | ASIN1551111543 |
| 005 - DATE AND TIME OF LATEST TRANSACTION | |
| control field | 20170105102932.0 |
| 008 - FIXED-LENGTH DATA ELEMENTS--GENERAL INFORMATION | |
| fixed length control field | 140828s2000 xxu eng d |
| 020 ## - INTERNATIONAL STANDARD BOOK NUMBER | |
| International Standard Book Number | 1551111543 (paperback) |
| Terms of availability | $29.95 |
| 020 ## - INTERNATIONAL STANDARD BOOK NUMBER | |
| International Standard Book Number | 9781551111544 (paperback) |
| 040 ## - CATALOGING SOURCE | |
| Original cataloging agency | 0 |
| 050 04 - LIBRARY OF CONGRESS CALL NUMBER | |
| Classification number | JZ5538 |
| 082 04 - DEWEY DECIMAL CLASSIFICATION NUMBER | |
| Classification number | 327.172 |
| Author Mark | FIS 1999 |
| 245 10 - TITLE STATEMENT | |
| Title | Patterns of conflict, paths to peace / |
| Statement of responsibility, etc. | Larry Fisk, John Schellenberg. |
| 260 ## - PUBLICATION, DISTRIBUTION, ETC. | |
| Place of publication, distribution, etc. | [S.l.] : |
| Name of publisher, distributor, etc. | Broadview Press, |
| Date of publication, distribution, etc. | 2000. |
| 300 ## - PHYSICAL DESCRIPTION | |
| Extent | 221 p. ; |
| Dimensions | 23 cm. |
| 520 ## - SUMMARY, ETC. | |
| Summary, etc. | This book aims to build bridges to peace by spanning the fields of conflict resolution and traditional peace studies, and by facing the contending perspectives of academics and practitioners. It serves not only as a transdisciplinary introduction to the study of peace and conflict but as an intelligent and sensitive challenge to common understandings. Positive peace, conflict transformation, contemporary peacekeeping, non-violent action, peace education and the new peace movements are laid out for consideration and basic concepts and directions are covered. But more important is the critical evaluation of patterns and the plotting of alternative paths. As UNESCO promotes an International Year of the Culture of Peace (2000) and the United Nations sponsors a decade of peace culture (2000 to 2010), the essays in Patterns of Conflict, Paths to Peace represent an invaluable primer for anyone concerned to participate in such a culture. |
| 650 #0 - SUBJECT ADDED ENTRY--TOPICAL TERM | |
| Topical term or geographic name entry element | Peace |
| 700 1# - ADDED ENTRY--PERSONAL NAME | |
| Personal name | Fisk, Larry. |
| 700 1# - ADDED ENTRY--PERSONAL NAME | |
| Personal name | Schellenberg, John. |
| 856 40 - ELECTRONIC LOCATION AND ACCESS | |
| Materials specified | Amazon.com |
| Uniform Resource Identifier | <a href="http://www.amazon.com/exec/obidos/ASIN/1551111543/chopaconline-20">http://www.amazon.com/exec/obidos/ASIN/1551111543/chopaconline-20</a> |
| 942 ## - ADDED ENTRY ELEMENTS (KOHA) | |
| Source of classification or shelving scheme | |
| Koha item type | Book |
| Withdrawn status | Lost status | Damaged status | Not for loan | Collection code | Permanent Location | Current Location | Shelving location | Date acquired | Total Checkouts | Full call number | Barcode | Date last seen | Price effective from | Koha item type |
|---|---|---|---|---|---|---|---|---|---|---|---|---|---|---|
| Centre for International Peace & Stability (CIPS) | Centre for International Peace & Stability (CIPS) | General Stacks | 04/01/2014 | 327.172 PAT 1999 | CIPSD0000131 | 08/28/2014 | 01/05/2017 | Book |
